000
00324nam a22001337a 4500
008
170527b xxu||||| |||| 00| 0 eng d
020
_a
pqp493256
041
_a
eng
080
_a
62
100
_a
27
101
_a
IM
245
_a
PRABABILITY AND STATISTICS FOR ENGINEERING AND THE SCIENCES
_c
DEVORE, J.L
942
_2
udc
_c
BK
999
_c
14624
_d
14624